A Békás Kft. CRM rendszerének bemutatása és ügyfélkapcsolatainak fejlesztése rendezvényein keresztül

Bibliographic Details
Main Author: Buchala Eszter Kira
Other Authors: Kasza Lajos
Format: Thesis
Kulcsszavak:Ügyfélkapcsolati menedzsment
CRM rendszer
Eseménymarketing
Online Access:http://dolgozattar.uni-bge.hu/20186

MARC

LEADER 00000nta a2200000 i 4500
001 dolg20186
005 20190902161935.0
008 190429suuuu hu om 000 hun d
040 |a BGE Dolgozattár Repozitórium  |b hun 
041 |a hu 
100 1 |a Buchala Eszter Kira 
245 1 2 |a A Békás Kft. CRM rendszerének bemutatása és ügyfélkapcsolatainak fejlesztése rendezvényein keresztül  |c Buchala Eszter Kira  |h [elektronikus dokumentum] 
695 |a Ügyfélkapcsolati menedzsment 
695 |a CRM rendszer 
695 |a Eseménymarketing 
700 1 |a Kasza Lajos  |e ths 
856 4 0 |u http://dolgozattar.uni-bge.hu/20186/1/Buchala_Eszter_Kira_NRCSV8.pdf  |z Dokumentum-elérés 
856 4 0 |u http://dolgozattar.uni-bge.hu/20186/7/Buchala_Eszter_Kira_NRCSV8_Titkos%C3%ADt%C3%A1si_k%C3%A9relem.pdf  |z Dokumentum-elérés